LDR 00908naa#a2200181#i#450# 001 RU\\bibl\123300 005 20260702011027.4 011 ## _a2686-9896 100 ## _a20260515b2026####ek#y0rusy0150####ca 102 ## _aRU 200 1# _aКОНЦЕПТУАЛЬНЫЕ ОСНОВЫ СТРАТЕГИИ РАЗВИТИЯ ВОСПИТАНИЯ В РОССИЙСКОЙ ФЕДЕРАЦИИ _eЖурнальная статья 210 1# _aАнгарск _cФГБОУ ВО "Ангарский государственный технический университет" _d2026 215 ## _a1 с. 608 ## _aЖурнальная статья _2local 675 ## _aНародное образование. Воспитание. Обучение. Организация досуга. 37 _z 700 #1 _aСорокина _gАнна Ивановна 700 #1 _aДонская _gАнастасия Георгиевна 856 4# _aangtu.editorum.ru _u